000 00300nam a22001337a 4500
008 170828b xxu||||| |||| 00| 0 eng d
020 _a9780072938227
041 _aeng
080 _a070
100 _a39
101 _aMAT
245 _aA RHETORIC OF ARGUMENT
_cFAHNESTOCK.J
942 _2udc
_cBK
999 _c25205
_d25205